| 000 | 00859amm a2200301 4500 | ||
|---|---|---|---|
| 008 | 080719s2008 o cat d | ||
| 041 | _acat | ||
| 041 | _bspa | ||
| 080 | _a347(038) | ||
| 110 |
_aTERMCAT _960609 |
||
| 245 |
_aTerminologia notarial _h[en línia] _cTERMCAT, Centre de Terminologia |
||
| 260 |
_aBarcelona _bTERMCAT, Centre de Terminologia _c2008 |
||
| 490 | _aDiccionaris en Línia | ||
| 500 | _aCategoria gramatical, sinònims, remissions | ||
| 500 | _btermcat | ||
| 520 | _a344 | ||
| 546 | _acatalà | ||
| 591 | _aNOTARIAL-E | ||
| 592 | _aObra terminològica | ||
| 593 | _aMF | ||
| 593 | _aMFN | ||
| 650 |
_adret civil _960651 |
||
| 650 |
_adret notarial _970682 |
||
| 830 |
_aDiccionaris en Línia _974364 |
||
| 856 | _uhttps://www.termcat.cat/ca/diccionaris-en-linia/17 | ||
| 901 | _ccop. <2008> | ||
| 942 |
_cMO _n0 _2ddc |
||
| 999 |
_c68424 _d68424 |
||